Bureaucracy (Record no. 1255)
[ view plain ]
| 000 -LEADER | |
|---|---|
| fixed length control field | 00931nam a2200157Ia 4500 |
| 005 - DATE AND TIME OF LATEST TRANSACTION | |
| control field | 20250117103518.0 |
| 008 - FIXED-LENGTH DATA ELEMENTS--GENERAL INFORMATION | |
| fixed length control field | 250117s9999 xx 000 0 und d |
| 082 ## - DEWEY DECIMAL CLASSIFICATION NUMBER | |
| Classification number | 353.01WIL |
| 100 ## - MAIN ENTRY--PERSONAL NAME | |
| Personal name | Wilson, James Q. |
| 245 #0 - TITLE STATEMENT | |
| Title | Bureaucracy |
| Remainder of title | what government agencies do and why they do it |
| 260 ## - PUBLICATION, DISTRIBUTION, ETC. | |
| Date of publication, distribution, etc. | 1989 |
| 300 ## - PHYSICAL DESCRIPTION | |
| Extent | xiv, 433 p. ; 25 cm. |
| 500 ## - GENERAL NOTE | |
| General note | Includes bibliographical references (p. 379-408). |
| 520 ## - SUMMARY, ETC. | |
| Summary, etc. | Bureaucracy is the classic study of the way American government agencies work and how they can be made to work better. Examining a wide range of bureaucracies, including the Army, the FBI, the FCC, and the Social Security Administration, James Q. Wilson provides the first comprehensive, in-depth analysis of what government agencies do, why they function as they do, and how they might become more responsible and effective. With a new introduction by the author. |
| 650 ## - SUBJECT ADDED ENTRY--TOPICAL TERM | |
| Topical term or geographic name entry element | Administrative agencies -United States. |
| Withdrawn status | Lost status | Damaged status | Not for loan | Home library | Current library | Date acquired | Total checkouts | Full call number | Barcode | Date last seen | Price effective from | Koha item type |
|---|---|---|---|---|---|---|---|---|---|---|---|---|
| UONGOZI Institute Resources Centre - Dar es Salaam | UONGOZI Institute Resources Centre - Dar es Salaam | 01/17/2025 | 353.01WIL | 001267 | 01/31/2025 | 01/17/2025 | Book |
